The Oxford handbook of suicide and self-injury (Registro nro. 307331)
[ vista simple ]
| 000 -ENCABEZADO | |
|---|---|
| Número de control [NR] | 01920cam a2200397Mi 4500 |
| 001 - NÚMERO DE CONTROL | |
| control field | ocn883921641 |
| 005 - FECHA Y HORA DE LA ÚLTIMA TRANSACCIÓN | |
| control field | 20180312144709.0 |
| 008 - DE LONGITUD FIJA DE DATOS DE ELEMENTOS - INFORMACIÓN GENERAL | |
| Elementos de longitud fija [NR] | 171023s2014 xx d 000 0 eng d |
| 010 ## - NUMERO DE CONTROL DE LA BIBLIOTECA DEL CONGRESO (LC) [NR] | |
| Número de control LC [NR] | 2012050013 |
| 016 7# - NUMERO DE CONTROL DE AGENCIA BIBLIOGRAFICA NACIONAL [R] | |
| Número de control [NR] | 734696035 |
| Fuente [NR] | DE-101 |
| 020 ## - NUMERO INTERNACIONAL NORMALIZADO PARA LIBROS [R] | |
| ISBN Cancelado/ Invalidado [R] | 0195388569 |
| 020 ## - NUMERO INTERNACIONAL NORMALIZADO PARA LIBROS [R] | |
| Número Internacional Normalizado del libro [NR] | 9780195388565 |
| 020 ## - NUMERO INTERNACIONAL NORMALIZADO PARA LIBROS [R] | |
| Número Internacional Normalizado del libro [NR] | 9780190669386 |
| 020 ## - NUMERO INTERNACIONAL NORMALIZADO PARA LIBROS [R] | |
| ISBN Cancelado/ Invalidado [R] | 0190669381 |
| 024 3# - OTRO IDENTIFICADOR NORMALIZADO [R] | |
| Número o código normalizado [NR] | 9780195388565 |
| 024 3# - OTRO IDENTIFICADOR NORMALIZADO [R] | |
| Número o código normalizado [NR] | 9780190669386 |
| 035 ## - NUMERO DE CONTROL DEL SISTEMA [R] | |
| Número de control del sistema [NR] | (OCoLC)883921641 |
| 040 ## - FUENTE DE CATALOGACION [NR] | |
| Agencia de catalogación original [NR] | Co-BoUCM |
| Idioma de catalogación [NR] | spa |
| Quien Cataloga | Saul Niño |
| Quien Clasifica | Saul Niño |
| 050 #0 - SIGNATURA TOPOGRAFICA DE LA BIBLIOTECA DEL CONGRESO (LC) [R] | |
| Número clasificador [R] | HV6545 |
| 060 ## - SIGNATURA TOPOGRAFICA DE LA BIBLIOTECA NACIONAL DE MEDICINA (NLM) [R] | |
| Número clasificador [R] | WM 165 |
| 245 04 - MENCION DE TITULO [NR] | |
| Título [NR] | The Oxford handbook of suicide and self-injury |
| Mención de responsabilidad, etc. [NR] | ed. by Matthew L. Nock |
| 246 13 - FORMA VARIANTE DEL TITULO [R] | |
| Título propiamente dicho/forma breve del título [NR] | Handbook of suicide and self-injury |
| 246 13 - FORMA VARIANTE DEL TITULO [R] | |
| Título propiamente dicho/forma breve del título [NR] | Suicide and self-injury |
| 260 ## - PUBLICACION, DISTRIBUCION, ETC. (PIE DE IMPRENTA) [R] | |
| Lugar de publicación, distribución, etc. [R] | Oxford |
| Nombre del editor, distribuidor, etc. [R] | Oxford Univ. Press |
| Fecha de publicación, distribución, etc. [R] | 2014 |
| 300 ## - DESCRIPCION FISICA [R] | |
| Extensión [R] | xvi, 516 páginas |
| Otros detalles físicos [NR] | gráficas |
| 490 0# - MENCION DE SERIE [R] | |
| Mención de serie [R] | Oxford library of psychology |
| 520 ## - NOTA DE RESUMEN, ETC. [R] | |
| Nota de sumario, etc. [NR] | Suicide is a perplexing human behavior that remains among the leading causes of death worldwide, responsible for more deaths each year than all wars, genocide, and homicide combined. Although suicide and other forms of self-injury have baffled scholars and clinicians for thousands of years, the past few decades have brought significant leaps in our understanding of these behaviors. This volume provides a comprehensive summary of the most important and exciting advances in our understanding of suicide and self-injury and our ability to predict and prevent it. Keywords: suicide, self-injury, psychology, clinical psychology, self-harm. |
| 546 ## - NOTA DE IDIOMA [R] | |
| Nota de idioma [NR] | Texto en inglés |
| 650 27 - ASIENTO SECUNDARIO DE MATERIA - TERMINO TEMATICO [R] | |
| Término temático o nombre geográfico como elemento de entrada [NR] | Enfermedades mentales |
| 9 (RLIN) | 14424 |
| 650 27 - ASIENTO SECUNDARIO DE MATERIA - TERMINO TEMATICO [R] | |
| Término temático o nombre geográfico como elemento de entrada [NR] | Personalidad (Psicología) |
| 9 (RLIN) | 21416 |
| 650 27 - ASIENTO SECUNDARIO DE MATERIA - TERMINO TEMATICO [R] | |
| Término temático o nombre geográfico como elemento de entrada [NR] | Trastornos de la personalidad |
| Subdivisión general [R] | Psicología |
| 9 (RLIN) | 25760 |
| 650 17 - ASIENTO SECUNDARIO DE MATERIA - TERMINO TEMATICO [R] | |
| Término temático o nombre geográfico como elemento de entrada [NR] | Conducta suicida |
| 9 (RLIN) | 11543 |
| 700 1# - ASIENTO SECUNDARIO - NOMBRE PERSONAL [R] | |
| Nombre personal [NR] | Nock, Matthew K |
| Término de relación [R] | editor |
| 9 (RLIN) | 87894 |
| 700 1# - ASIENTO SECUNDARIO - NOMBRE PERSONAL [R] | |
| Nombre personal [NR] | Nathan, Peter E. |
| Término de relación [R] | editor |
| 9 (RLIN) | 87895 |
| 942 ## - ELEMENTOS DE ENTRADA AGREGADOS (KOHA) | |
| Sistema de clasificación | DEWEY |
| Tema principal | Medicina |
| Tipo de ítem principal el descrito en 300a | Libro |
| Edición | 1 |
| Clasificación | WM 165 |
| Parte restante de la signatura top. | O982o |
| Título oculto en OPAC | No |
| Fecha de último préstamo | Total préstamos | Total Renewals | Signatura topográfica | Código de barras | Última vez visto | Ejemplar | Costo de reposición | Price effective from | Tipo de ítem | Nota pública (OPAC) | Perdido | Sistema de clasificación | Dañado | No prestable | Tipo de ítem específico | Suprimido | Ubicación habitual | Ubicación actual | Localización | Fecha de creación | Proveedor | Forma de adquisición | Costo |
|---|---|---|---|---|---|---|---|---|---|---|---|---|---|---|---|---|---|---|---|---|---|---|---|
| 31/07/2024 | 4 | 6 | WM 165 O982o | 100154279 | 12/12/2025 | Ej.1 | 140000.00 | 12/10/2017 | Libro | Spot Psicología & Psiquiatría | NLM | Libro | Quinta de Mutis | Quinta de Mutis | 3er piso | 12/10/2017 | 26 | Compra | 140000.00 |